| 000 | 00742nam a2200241 a 4500 | ||
|---|---|---|---|
| 001 | 72512 | ||
| 003 | BD-RjUL | ||
| 005 | 20211209082253.0 | ||
| 008 | 170520s1949 enka 001 0 eng d | ||
| 035 | _a(BD-RjUL)72730 | ||
| 040 |
_aUKM _cUKM _dEQO _dBD-RjUL _beng |
||
| 041 | _aeng | ||
| 082 | 0 | 4 |
_a537 _223 _bSTE 1949 |
| 100 | 1 |
_aStarling, Sydney G. _q(Sydney George), _d1873-1955. _9212553 |
|
| 245 | 1 | 0 |
_aElectricity and magnetism for Higher School Certificate and Intermediate students / _cSydney G. Starling |
| 250 | _a2nd ed. | ||
| 260 |
_aLondon : _bLongmans, Green, _c1949. |
||
| 300 |
_a366 p. : _bill. ; _c20 cm. |
||
| 500 | _aIncludes index. | ||
| 650 | 0 |
_aElectricity. _9214470 |
|
| 650 | 0 |
_aMagnetism. _9214471 |
|
| 942 |
_2ddc _cBK |
||
| 999 |
_c72512 _d72512 |
||